<?xml version="1.0" encoding="UTF-8"?>
<marc:record xmlns:marc="http://www.loc.gov/MARC21/slim">
   <marc:leader>00000nam a2200000 a 4500</marc:leader>
   <marc:datafield ind1="1" ind2=" " tag="100">
      <marc:subfield code="a">Lütge, Jessica</marc:subfield>
      <marc:subfield code="4">aut</marc:subfield>
      <marc:subfield code="e">Verfasser/-in</marc:subfield>
   </marc:datafield>
   <marc:datafield ind1=" " ind2=" " tag="653">
      <marc:subfield code="a">Ratgeber</marc:subfield>
   </marc:datafield>
   <marc:datafield ind1=" " ind2=" " tag="653">
      <marc:subfield code="a">Lebensführung</marc:subfield>
   </marc:datafield>
   <marc:datafield ind1=" " ind2=" " tag="653">
      <marc:subfield code="a">Gewichtsabnahme</marc:subfield>
   </marc:datafield>
   <marc:datafield ind1=" " ind2=" " tag="653">
      <marc:subfield code="a">Übergewicht</marc:subfield>
   </marc:datafield>
   <marc:datafield ind1="0" ind2="0" tag="245">
      <marc:subfield code="a">Liebe deine Kilos und du wirst schlank</marc:subfield>
   </marc:datafield>
   <marc:datafield ind1="0" ind2="0" tag="245">
      <marc:subfield code="b">der spirituelle Weg zum Wohlfühlgewicht ; [mit Motivationsplan]</marc:subfield>
   </marc:datafield>
   <marc:datafield ind1=" " ind2="1" tag="264">
      <marc:subfield code="b">Silberschnur-Verl.</marc:subfield>
      <marc:subfield code="c">2015</marc:subfield>
   </marc:datafield>
   <marc:datafield ind1="1" ind2=" " tag="520">
      <marc:subfield code="a">Klappentext: Abnehmen ohne Diät und ohne Fitnessstudio? Ja! Geht es Ihnen auch so? Die Kilos werden immer mehr und die zahlreichen Diäten machen keinen Spaß und funktionieren nicht. Ohne Diät, aber mit viel Freude hat Jessica Lütge eine eigene, ganzheitliche, entspannte und liebevolle Methode zum Schlankwerden entwickelt. Und dass diese Methode wirkt, beweist sie selbst: 30 Kilo weniger in 8 Monaten!   In diesem Buch finden Sie keine Rezepte und auch keine anstrengenden Sportübungen. Trotzdem können Sie leicht, spielerisch und mit Spaß abnehmen. Sie erkennen die versteckten Ursachen Ihres Übergewichts und erfahren, wie Sie mit den vier Säulen Ihres künftigen Wohlfühlgewichts die überflüssigen Kilos loslassen können. Jessica Lütges Motivationsplan hilft Ihnen dabei, die schwierigen ersten Tage ganz ohne Stress und Heißhunger zu überstehen à und anschließend wird Abnehmen immer leichter! Erleben Sie Ihr Traumgewicht!  Über den Autor und weitere Mitwirkende  Dr. Jessica Lütge ist psychologische Beraterin, Grundschullehrerin und Buchautorin. Neben dem Beruf und der Familie ging es ihr wie vielen anderen: Die Kilos wurden einfach immer mehr und die zahlreichen Diäten machten keinen Spaß und funktionierten nicht. Ohne Diät, aber mit viel Freude, hat Jessica Lütge eine eigene ganzheitliche, entspannte und liebevolle Methode zum Schlankwerden entwickelt: Liebe deine Kilos und du wirst schlank. Ohne Stress und Hektik, dafür mit freier Zeiteinteilung und Genuss. Und dass diese Methode wirkt, beweist Jessica Lütge selbst: 30 Kilos weniger in 8 Monaten!</marc:subfield>
   </marc:datafield>
   <marc:datafield ind1=" " ind2=" " tag="020">
      <marc:subfield code="a">9783898454704</marc:subfield>
      <marc:subfield code="9">9783898454704</marc:subfield>
   </marc:datafield>
</marc:record>
